Wymień kraje z największą ilością owiec 1/2 - Statystyki

Ogólne statystyki
  • Ten quiz został rozwiązany 37 razy
  • Średni wynik to 17 z 25
Statystyki odpowiedzi
Ilość Kraj % Poprawnych
163 489 600 Chiny
88%
74 260 615 Indie
88%
21 136 400 Rosja
88%
65 755 408 Australia
82%
41 303 611 Iran
82%
26 821 846 Nowa Zelandia
82%
35 194 972 Turcja
74%
16 912 945 Kazachstan
71%
32 267 265 Mongolia
71%
30 859 000 Pakistan
71%
29 428 929 Algieria
68%
19 715 587 Brazylia
68%
33 580 000 Wielka Brytania
68%
46 893 030 Nigeria
62%
22 085 207 Południowa Afryka
62%
31 849 003 Etiopia
59%
21 591 000 Maroko
59%
40 896 000 Sudan
59%
27 440 945 Kenia
56%
18 197 800 Uzbekistan
56%
17 794 344 Indonezja
53%
15 478 620 Hiszpania
50%
35 863 764 Czad
47%
19 183 500 Mali
44%
18 614 300 Sudan Południowy
44%
Nie znaleziono quizów pasujących do podanych kryteriów
Rozkład punktacji
Procent ludzi z każdym wynikiem
Percentyl według liczby udzielonych odpowiedzi
Twoja historia wyników
Nie rozwiązałeś tego quizu